000 00951 a2200241 4500
003 Nust
005 20221214130916.0
010 _a 91012210
020 _a041240110X
020 _a0442314604 (USA)
040 _cNust
082 0 0 _a621.3822,MEA
100 1 _aMeade, M. L.
_9104825
245 1 0 _aSignals and systems :
_bmodels and behaviour /
_cM.L. Meade and C.R. Dillon.
250 _a2nd ed.
260 _aLondon ;
_aNew York :
_bChapman & Hall,
_c1991.
300 _avii, 167 p. :
_bill. ;
_c25 cm.
440 0 _aTutorial guides in electronic engineering ;
_v8
_9104826
505 _aIntroduction to Signal and Systems (Page-1), Time Domain Models (Page-16), Frequency Domain Models (Page-38), Laplace Transforms (Page-59), Periodic Signals (Page-77), Signal Sampling and The DET (Page-90), Pole-Zero Descriptions Time Systems (Page-103).
650 0 _aTelecommunication Engineering.
700 1 _aDillon, C. R.
_9104827
942 _2ddc
_cBK
999 _c182780
_d182780